| 000 | 01195nam a22002417a 4500 | ||
|---|---|---|---|
| 005 | 20260316164811.0 | ||
| 008 | 260316b |||||||| |||| 00| 0 eng d | ||
| 020 | _a9788126570966 | ||
| 040 | _cAL | ||
| 041 | _aeng | ||
| 082 |
_a004.36 _bSAUC |
||
| 100 |
_aSaurabh Kumar _9258789 |
||
| 245 | _aCloud computing Ed 4 | ||
| 250 | _a4 | ||
| 260 |
_aNew Delhi _bWiley India Pvt Ltd _c2023 |
||
| 300 |
_axxvii,267p _bPB _c23.5x18cm |
||
| 365 |
_2Information Science and Engineering _aVBI-2645 _b₹659.25 _c₹ _d879.00 _e25% _f20-02-2026 |
||
| 520 | _aThe widespread acceptance and deployment of cloud computing describes the means of delivering any and all IT– from computer applications, software, business processes, messaging, and collaboration – to end-users as a service wherever and whenever they need it. This book fulfills an important and growing need to understand the techno-socio-economic view of cloud computing infrastructure, cloud models, service offerings, cloud architectures, and some of the design choices made by the frontiers of cloud computing. | ||
| 650 |
_aCloud Deployment Models _9258786 |
||
| 650 |
_aSOA _9258787 |
||
| 650 |
_aVDI _9258788 |
||
| 942 |
_2ddc _cBK |
||
| 999 |
_c241029 _d241029 |
||